<?xml version="1.0" encoding="UTF-8"?>
<record
    xmlns:xsi="http://www.w3.org/2001/XMLSchema-instance"
    xsi:schemaLocation="http://www.loc.gov/MARC21/slim http://www.loc.gov/standards/marcxml/schema/MARC21slim.xsd"
    xmlns="http://www.loc.gov/MARC21/slim">

  <leader>01412nam a22002657a 4500</leader>
  <controlfield tag="003">NALT</controlfield>
  <controlfield tag="005">20210428171029.0</controlfield>
  <controlfield tag="008">      s2552    th                  tha d</controlfield>
  <datafield tag="020" ind1=" " ind2=" ">
    <subfield code="a">9786119024083</subfield>
  </datafield>
  <datafield tag="040" ind1=" " ind2=" ">
    <subfield code="a">NALT</subfield>
  </datafield>
  <datafield tag="041" ind1=" " ind2=" ">
    <subfield code="a">tha</subfield>
  </datafield>
  <datafield tag="050" ind1=" " ind2=" ">
    <subfield code="a">HF 1379</subfield>
    <subfield code="b">&#xE0A;145&#xE1B; 2552</subfield>
  </datafield>
  <datafield tag="100" ind1="0" ind2=" ">
    <subfield code="a">&#xE0A;&#xE19;&#xE31;&#xE0D;&#xE19;&#xE34;&#xE29;&#xE10;&#xE4C; &#xE25;&#xE32;&#xE20;&#xE27;&#xE34;&#xE44;&#xE25;</subfield>
    <subfield code="9">51777</subfield>
  </datafield>
  <datafield tag="245" ind1="1" ind2="0">
    <subfield code="a">&#xE1B;&#xE23;&#xE30;&#xE40;&#xE17;&#xE28;&#xE21;&#xE2B;&#xE32;&#xE2D;&#xE33;&#xE19;&#xE32;&#xE08;&#xE01;&#xE31;&#xE1A;&#xE01;&#xE32;&#xE23;&#xE04;&#xE49;&#xE32;&#xE23;&#xE30;&#xE2B;&#xE27;&#xE48;&#xE32;&#xE07;&#xE1B;&#xE23;&#xE30;&#xE40;&#xE17;&#xE28; /</subfield>
    <subfield code="c">&#xE0A;&#xE19;&#xE31;&#xE0D;&#xE19;&#xE34;&#xE29;&#xE10;&#xE4C; &#xE25;&#xE32;&#xE20;&#xE27;&#xE34;&#xE44;&#xE25;, &#xE1E;&#xE34;&#xE2A;&#xE34;&#xE19;&#xE35; &#xE25;&#xE35;&#xE25;&#xE32;&#xE40;&#xE1F;&#xE37;&#xE48;&#xE2D;&#xE07;&#xE28;&#xE34;&#xE25;&#xE1B;&#xE4C; </subfield>
  </datafield>
  <datafield tag="260" ind1=" " ind2=" ">
    <subfield code="a">&#xE01;&#xE23;&#xE38;&#xE07;&#xE40;&#xE17;&#xE1E;&#xE2F; : </subfield>
    <subfield code="b">&#xE42;&#xE04;&#xE23;&#xE07;&#xE01;&#xE32;&#xE23; WTO Watch (&#xE08;&#xE31;&#xE1A;&#xE01;&#xE23;&#xE30;&#xE41;&#xE2A;&#xE2D;&#xE07;&#xE04;&#xE4C;&#xE01;&#xE32;&#xE23;&#xE01;&#xE32;&#xE23;&#xE04;&#xE49;&#xE32;&#xE42;&#xE25;&#xE01;), </subfield>
    <subfield code="c">2552</subfield>
  </datafield>
  <datafield tag="300" ind1=" " ind2=" ">
    <subfield code="a">306 &#xE2B;&#xE19;&#xE49;&#xE32; ;</subfield>
    <subfield code="c">21 &#xE0B;&#xE21;.</subfield>
  </datafield>
  <datafield tag="650" ind1=" " ind2="4">
    <subfield code="a">&#xE01;&#xE32;&#xE23;&#xE04;&#xE49;&#xE32;&#xE23;&#xE30;&#xE2B;&#xE27;&#xE48;&#xE32;&#xE07;&#xE1B;&#xE23;&#xE30;&#xE40;&#xE17;&#xE28;</subfield>
    <subfield code="9">9659</subfield>
  </datafield>
  <datafield tag="651" ind1=" " ind2="4">
    <subfield code="9">51779</subfield>
    <subfield code="a">&#xE2A;&#xE2B;&#xE20;&#xE32;&#xE1E;&#xE22;&#xE38;&#xE42;&#xE23;&#xE1B;</subfield>
    <subfield code="x">&#xE01;&#xE32;&#xE23;&#xE04;&#xE49;&#xE32;&#xE01;&#xE31;&#xE1A;&#xE15;&#xE48;&#xE32;&#xE07;&#xE1B;&#xE23;&#xE30;&#xE40;&#xE17;&#xE28;</subfield>
  </datafield>
  <datafield tag="651" ind1=" " ind2="4">
    <subfield code="9">51780</subfield>
    <subfield code="a">&#xE2A;&#xE2B;&#xE23;&#xE31;&#xE10;&#xE2D;&#xE40;&#xE21;&#xE23;&#xE34;&#xE01;&#xE32;</subfield>
    <subfield code="x">&#xE01;&#xE32;&#xE23;&#xE04;&#xE49;&#xE32;&#xE01;&#xE31;&#xE1A;&#xE15;&#xE48;&#xE32;&#xE07;&#xE1B;&#xE23;&#xE30;&#xE40;&#xE17;&#xE28;</subfield>
  </datafield>
  <datafield tag="651" ind1=" " ind2="4">
    <subfield code="9">51781</subfield>
    <subfield code="a">&#xE08;&#xE35;&#xE19;</subfield>
    <subfield code="x">&#xE01;&#xE32;&#xE23;&#xE04;&#xE49;&#xE32;&#xE01;&#xE31;&#xE1A;&#xE15;&#xE48;&#xE32;&#xE07;&#xE1B;&#xE23;&#xE30;&#xE40;&#xE17;&#xE28;</subfield>
  </datafield>
  <datafield tag="700" ind1="0" ind2=" ">
    <subfield code="9">51778</subfield>
    <subfield code="a">&#xE1E;&#xE34;&#xE2A;&#xE34;&#xE19;&#xE35; &#xE25;&#xE35;&#xE25;&#xE32;&#xE40;&#xE1F;&#xE37;&#xE48;&#xE2D;&#xE07;&#xE28;&#xE34;&#xE25;&#xE1B;&#xE4C; </subfield>
  </datafield>
  <datafield tag="850" ind1=" " ind2=" ">
    <subfield code="a">NALT</subfield>
  </datafield>
  <datafield tag="942" ind1=" " ind2=" ">
    <subfield code="c">GB</subfield>
    <subfield code="2">lcc</subfield>
  </datafield>
  <datafield tag="998" ind1=" " ind2=" ">
    <subfield code="b">&#xE0A;&#xE27;&#xE19;&#xE1E;&#xE34;&#xE0A;&#xE0D;&#xE4C;  &#xE23;&#xE31;&#xE15;&#xE19;&#xE32;&#xE44;&#xE1E;&#xE1A;&#xE39;&#xE25;&#xE22;&#xE4C;</subfield>
    <subfield code="c">103</subfield>
    <subfield code="j">109</subfield>
    <subfield code="k"> &#xE2D;&#xE32;&#xE23;&#xE35;&#xE23;&#xE31;&#xE15;&#xE19;&#xE4C; &#xE27;&#xE34;&#xE0A;&#xE32;&#xE0A;&#xE48;&#xE32;&#xE07;</subfield>
  </datafield>
  <datafield tag="999" ind1=" " ind2=" ">
    <subfield code="c">58786</subfield>
    <subfield code="d">58786</subfield>
  </datafield>
  <datafield tag="952" ind1=" " ind2=" ">
    <subfield code="0">0</subfield>
    <subfield code="1">0</subfield>
    <subfield code="4">0</subfield>
    <subfield code="7">0</subfield>
    <subfield code="8">CGBL</subfield>
    <subfield code="a">NALT</subfield>
    <subfield code="b">NALT</subfield>
    <subfield code="e">&#xE1A;&#xE23;&#xE34;&#xE08;&#xE32;&#xE04;</subfield>
    <subfield code="l">0</subfield>
    <subfield code="o">HF 1379 &#xE0A;145&#xE1B; 2552</subfield>
    <subfield code="p">3961178057</subfield>
    <subfield code="r">2017-06-09 00:00:00</subfield>
    <subfield code="w">2017-06-09</subfield>
    <subfield code="y">GB</subfield>
  </datafield>
</record>
